KOHA-Header-6

A Dictionary of Urdu (Record no. 6147)

000 -LEADER
fixed length control field 00266nam a2200109Ia 4500
008 - FIXED-LENGTH DATA ELEMENTS--GENERAL INFORMATION
fixed length control field 190906s9999||||xx |||||||||||||| ||und||
100 ## - MAIN ENTRY--PERSONAL NAME
Personal name Abdul haq ,Molvi
245 #2 - TITLE STATEMENT
Title A Dictionary of Urdu
260 ## - PUBLICATION, DISTRIBUTION, ETC. (IMPRINT)
Place of publication, distribution, etc Karachi
Name of publisher, distributor, etc Dorling Kindersley
Date of publication, distribution, etc 1990
300 ## - PHYSICAL DESCRIPTION
Extent 992
942 ## - ADDED ENTRY ELEMENTS (KOHA)
Koha item type Books
Holdings
Withdrawn status Lost status Damaged status Not for loan Permanent Location Current Location Date acquired Full call number Barcode Date last seen Price effective from Koha item type
        MAJU MAJU 2019-09-06 491.43 732 2019-09-06 2019-09-06 Books

Powered by Koha